Historia de la literatura argentina /

Guardado en:
Detalles Bibliográficos
Autor principal: Giménez, Pastor, Arturo (autor)
Formato: Libro
Idioma:Español
Publicado: Buenos Aires, Argentina : Labor, 1945, c1945
Colección:(Biblioteca de Iniciación Cultural ; Ciencias Literarias) 20, 21, 22, 23.
(Colección Labor)
Temas:
Etiquetas: Agrega una etiqueta
Sin etiquetas, Sé el primero en etiquetar este registro!

MARC

LEADER 00000nam^a2200000^a^4500
001 000141615
005 20250521000000.0
009 20260310095622.002
037 |a Acervo ITESO - Biblioteca 
041 |a ESP 
082 |a 086. 1  |b LAB V. 422-423 
100 |a Giménez, Pastor, Arturo  |e (autor) 
245 1 0 |a Historia de la literatura argentina /  |c A. Giménez Pastor. 
264 4 |a Buenos Aires, Argentina :  |b Labor,  |c 1945, c1945 
300 |a 2 v. 
336 |a texto  |b txt  |2 rdacontenido 
337 |a sin mediación  |b n  |2 rdamedio 
338 |a volumen  |b nc  |2 rdasoporte 
440 1 |a (Biblioteca de Iniciación Cultural ;  |v 20, 21, 22, 23.  |p Ciencias Literarias) 
440 1 |a (Colección Labor) 
649 |a XX 
650 |a Literatura Argentina -  |x Historia y Crítica 
650 |a Argentina -  |x Historia 
910 |a Fondo Salvador Reynoso Reynoso 
920 |a Impresos - Libros 
930 |a Fondos Especiales 
940 |a Literatura 
905 |a 112 
901 |a 0800015177  |b IT2  |c ESP  |u 20250521 
901 |a 0800015180  |b IT2  |c ESP  |u 20250521 
902 |a https://opac.biblio.iteso.mx/vufind/Record/000141615